000 00339nam a2200133Ia 4500
005 20260328101450.0
008 260328s9999||||xx |||||||||||||| ||und||
100 _aCastro, Ricardo L.
245 0 _aRogelio Salmona :
_b Tributo /
_cRicardo L. Castro
260 _bVillegas Editores
300 _a199 p.
650 _aARQUITECTOS
942 _cBK
999 _c8632
_d8632